<?xml version="1.0" encoding="UTF-8"?><marc:collection xmlns:marc="http://www.loc.gov/MARC21/slim">
  <marc:record>
    <marc:leader>00000nam##2200000za#4500</marc:leader>
    <marc:controlfield tag="001">9.572466</marc:controlfield>
    <marc:controlfield tag="003">CaOODSP</marc:controlfield>
    <marc:controlfield tag="005">20220111083102</marc:controlfield>
    <marc:controlfield tag="007">cr |||||||||||</marc:controlfield>
    <marc:controlfield tag="008">150406|1995||||xxc|||||o    f|0| 0 eng|d</marc:controlfield>
    <marc:datafield tag="022" ind1=" " ind2=" ">
      <marc:subfield code="a">1928-6414</marc:subfield>
    </marc:datafield>
    <marc:datafield tag="040" ind1=" " ind2=" ">
      <marc:subfield code="a">CaOODSP</marc:subfield>
      <marc:subfield code="b">eng</marc:subfield>
    </marc:datafield>
    <marc:datafield tag="043" ind1=" " ind2=" ">
      <marc:subfield code="a">n-cn---</marc:subfield>
    </marc:datafield>
    <marc:datafield tag="086" ind1="1" ind2=" ">
      <marc:subfield code="a">NE22-1/1995-1E-PDF</marc:subfield>
    </marc:datafield>
    <marc:datafield tag="110" ind1="1" ind2=" ">
      <marc:subfield code="a">Canada. </marc:subfield>
      <marc:subfield code="b">National Energy Board.</marc:subfield>
    </marc:datafield>
    <marc:datafield tag="245" ind1="1" ind2="0">
      <marc:subfield code="a">Reasons for decision in the matter of TransCanada PipeLines Limited, Westcoast Energy Inc., Foothills Pipe Lines Ltd., Alberta Natural Gas Company Ltd., Trans Québec &amp; Maritimes Pipeline Inc., Interprovincial Pipe Line Inc., Trans Mountain Pipe Line Company Ltd. and Trans-Northern Pipeline Inc. : </marc:subfield>
      <marc:subfield code="h">[electronic resource]</marc:subfield>
      <marc:subfield code="b">submissions dated 20 June 1994, 17 June 1994, 20 June 1994, 20 June 1994, 20 June 1994, 17 June 1994, 20 June 1994, 20 June 1994 and 20 June 1994 respectively, as amended, for 1995, in respect of cost of capital </marc:subfield>
    </marc:datafield>
    <marc:datafield tag="246" ind1="1" ind2=" ">
      <marc:subfield code="i">Variant title : </marc:subfield>
      <marc:subfield code="a">TransCanada PipeLines Limited, Westcoast Energy Inc., Foothills Pipe Lines Ltd., Alberta Natural Gas Company Ltd., Trans Québec &amp; Maritimes Pipeline Inc., Interprovincial Pipe Line Inc., Trans Mountain Pipe Line Company Ltd., Trans-Northern Pipeline Inc.</marc:subfield>
    </marc:datafield>
    <marc:datafield tag="260" ind1=" " ind2=" ">
      <marc:subfield code="a">Calgary - Alberta : </marc:subfield>
      <marc:subfield code="b">National Energy Board </marc:subfield>
      <marc:subfield code="c">March 1995.</marc:subfield>
    </marc:datafield>
    <marc:datafield tag="300" ind1=" " ind2=" ">
      <marc:subfield code="a">53p.</marc:subfield>
      <marc:subfield code="b">glossary, tables</marc:subfield>
    </marc:datafield>
    <marc:datafield tag="490" ind1="1" ind2=" ">
      <marc:subfield code="a">Reasons for decision</marc:subfield>
      <marc:subfield code="x">1928-6414</marc:subfield>
      <marc:subfield code="v">RH-2-94</marc:subfield>
    </marc:datafield>
    <marc:datafield tag="500" ind1=" " ind2=" ">
      <marc:subfield code="a">Errata inserted: p.1 of 53. The catalogue number (NE22-1/1995-1E) and ISBN (0-662-23107-4) for the print edition have been incorrectly copied in this electronic publication.</marc:subfield>
    </marc:datafield>
    <marc:datafield tag="590" ind1=" " ind2=" ">
      <marc:subfield code="a">12-07-Supp</marc:subfield>
      <marc:subfield code="b">2012-03-09</marc:subfield>
    </marc:datafield>
    <marc:datafield tag="775" ind1="0" ind2="8">
      <marc:subfield code="t">Motifs de décision relativement à TransCanada Pipelines Limited, Westcoast Energy Inc., Foothills Pipe Lines Ltd., Alberta Natural Gas Company Ltd., Gazoduc Trans Québec &amp; Maritimes Inc., Pipeline Interprovincial Inc., Trans Mountain Pipeline Company Ltd. et Pipeline Trans-Nord Inc. : </marc:subfield>
      <marc:subfield code="w">(CaOODSP)9.602815</marc:subfield>
    </marc:datafield>
    <marc:datafield tag="776" ind1="0" ind2="#">
      <marc:subfield code="t">TransCanada PipeLines Limited, Westcoast Energy Inc., Foothills Pipe Lines Ltd., Alberta Natural Gas Company Ltd., Trans Québec &amp; Maritimes Pipeline Inc., Interprovincial Pipe Line Inc., Trans Mountain Pipe Line Company Ltd. and Trans-Northern Pipeline Inc. : </marc:subfield>
      <marc:subfield code="w">(CaOODSP)9.611926</marc:subfield>
    </marc:datafield>
    <marc:datafield tag="830" ind1="#" ind2="0">
      <marc:subfield code="a">Reasons for decision (Canada. National Energy Board)</marc:subfield>
      <marc:subfield code="x">1928-6414</marc:subfield>
      <marc:subfield code="v">RH-2-94</marc:subfield>
      <marc:subfield code="w">(CaOODSP)9.504480</marc:subfield>
    </marc:datafield>
    <marc:datafield tag="856" ind1="4" ind2="0">
      <marc:subfield code="a">http://publications.gc.ca</marc:subfield>
      <marc:subfield code="q">PDF</marc:subfield>
      <marc:subfield code="s">172 KB</marc:subfield>
      <marc:subfield code="u">https://publications.gc.ca/collections/Collection/NE22-1-1995-1E.pdf</marc:subfield>
      <marc:subfield code="y">RH-2-94</marc:subfield>
    </marc:datafield>
  </marc:record>
</marc:collection>
